000
00317nam a22001337a 4500
001
2499
008
130523b xxu||||| |||| 00| 0 eng d
020
_a
9788175963450
082
_a
631.584
100
_a
Veeresh
_z
VEE
245
_a
Organic Farming
_c
G.K.Veeresh
260
_a
Ahmedabad
_b
Foundation
_c
2006
942
_c
BOOKS
999
_c
3035
_d
3035